LEADER 01258nam a2200253 i 4500 001 000000020397 003 CaOOAMICUS 005 20250826111632.0 008 180830s1967 xxk u000 u mul u 040 $aSeMil$bita 100 0 $aCicero, Marcus Tullius,$d<106-43 a.C.>.$0(OLS)http://semarc/name/659 245 10$aCicero :$bin twenty-eight volumes. 264 1$aCambridge, Massachusetts :$bHarvard University Press ;$aLondon :$bHeinemann,$c1967- 300 $av. ;$c17 cm. 546 $aTesto in inglese e latino 774 0 $aCicero, Marcus Tullius <106-43 a.C.>$t[Cicero] ad C. Herennium.$kLoeb Classical Library$g1$w()179173 774 0 $aCicero, Marcus Tullius <106-43 a.C.>$tInventione ; De optimo genere oratorum ; Topica.$kLoeb Classical Library$g2$w()179166 774 0 $aCicero, Marcus Tullius <106-43 a.C.>$tDe natura deorum ; Academica.$kLoeb Classical Library$g19$w()37705 900 0 $aCicerone, Marco Tullio. 996 $6245$aCicero :$bin twenty-eight volumes$9(OLS)http://semarc/title/26886 996 $6264$aCambridge, Massachusetts :$bHarvard University Press$9(OLS)http://semarc/publisher/30206 996 $6264$aLondon :$bHeinemann$9(OLS)http://semarc/publisher/58753 LEADER 01395nam a2200301 i 4500 001 000000125609 003 CaOOAMICUS 005 20051109000000.0 008 051109s1991 it u000 u ita u 013 $a98310 020 $a88-16-40297-0 040 $aSeMil$bita 100 1 $aAmmassari, Antonio.$0(OLS)http://semarc/name/13322 245 12$aL'identità cinese :$bnote sulla preistoria della Cina secondo le iscrizioni oracolari della dinastia Shang /$cAntonio Ammassari. 260 $aMilano :$bJaca Book,$ccopyr. 1991. 300 $a275 p. :$bill. ;$c23 cm. 490 0 $aDi fronte e attraverso ;$v297 500 $aFondo Card. C.M. Martini. 650 4$aCina - Civiltà - Sec. 15.-12. a.C. - Fonti epigrafiche.$0(OLS)http://semarc/subject/24433 650 4$aBibbia - AT - Riferimenti alla Cina.$0(OLS)http://semarc/subject/24434 830 0$aDi fronte e attraverso ;$v297.$0(OLS)http://semarc/title/6486 850 $aSeMil 852 $aSeMil$W1$xVenegono$y1$m2R IV 319$j80033$B80033$CSeMilBibl$Z2$F105612 $81 941 1 $a4 961 $aOmaggio: Martini Card. Carlo Maria 996 $6020$a88-16-40297-0$9(OLS)http://semarc/number/111546 996 $6245$aL'identità cinese :$bnote sulla preistoria della Cina secondo le iscrizioni oracolari della dinastia Shang$9(OLS)http://semarc/title/184988 996 $6260$aMilano :$bJaca Book$9(OLS)http://semarc/publisher/29781